00601nam a2200205Ia 4500008004100000020002000041041000800061082001600069100001600085245005000101300000800151365001200159400003600171440000900207650002100216700001900237942001200256999001900268952010800287140306s9999 xx 000 0 und d a0 7069 4924 2 aeng a636bMIS/LI aMishra, S N aLivestock development in India : an appraisal a203 bRs .195 bVikas Publishing House Pvt .Ltd a1990 aAnimal husbandry aSharma, Rishik 2ddccBK c180221d180221 00102ddc4070aKAUCBVbKAUCBVd2004-06-02g195.00l0o636 MIS/LIr2014-03-22 00:00:00w2014-03-22yBK